1581 1193 1898 1751 1780 1377 1085 1211 1553 1813 1922 1136 1830 1173 1122 1612 1513 1000 1833 1382 1908 1491 1770 1140 1610 1633 1263 1626 1939 1451 1631 1764 1868 1554 1516 1312 1695 1416 1505 1788 1511 1646 1189 1868 1070 1189 1382 1845 1717 1951 1335 1656 1065 1496 1630 1686 1705 1915 1604 1022 1101 1374 1163 1734 1619 1112 1947 1985 1842 1584 1765 1612 1602 1364 1309 1880 1599 1895 1473 1642 1312 1046 1524 1271 1512 1837 1125 1747 1976 1933 1498 1695 1065 1859 1217 1632 1256 1788 1710 BCNSPRNW ULIB Ver.6.0+V

เปลี่ยนเป็นภาษาไทย

Change to English
 แสดงรายละเอียดบรรณานุกรม
  กลับหน้าหลัก

Brief Record : Get Marc (ISO 2709) : E-mail record : QR code < ปิดหน้าต่าง
LEADER : 00000nam 2200000uu 4500
001    13399112241
003     ULIB
008    110627s2551||||th 000 0 tha d
020    9789740640233
090    นว.^bป523S 2551
100 0  ปัญญ์ปรียา
245 00 Sweet molecule...มีเธอทุกอณูใจ/^cปัญญ์ปรียา
250    พิมพ์ครั้งที่ 1
260    กรุงเทพฯ :^bแจ่มใส,^c2551
300    464 หน้า
710 1  แจ่มใส
945    ^p279^l0^i023590
995    ทศพร
999 ^a ใช้งานได้ทุกระบบ
รายการนี้ยังไม่มีแท็ก
คุณยังไม่ได้ล็อกอิน คุณสามารถมีกิจกรรมร่วมกับเว็บไซต์ได้ แต่ต้องล็อกอินก่อน ::
  ล็อกอิน

รายการสื่อสารสนเทศ

ลำดับที่ ประเภท เลขเรียก/บาร์โค้ด สถานที่ สถานะ
- ไม่พบข้อมูล -

รายการใกล้เคียง
    ผู้แต่ง [ปัญญ์ปรียา]

BibComment


ยังไม่เคยถูกคอมเมนท์

คอมเมนท์ทรัพยากรรายการนี้
  คอมเมนท์: Sweet moleculeมีเ..


 Copyright 2026. Bcnsprnw @Library